00293nam a2200109Ia 4500008004100000020001800041041000800059100001900067245002800086260006100114300000800175230724s2009 xx und d a9780000000000 aeng aBRUNSKILL R.W. aVERNACULAR ARCHITECTURE bFAIR CHILD BOOKS A DIVISION OF CANDE NAST PUBLICATc2009 a292